Kartkówka z wiedzy ogólnej. #15 - Statystyki

Ogólne statystyki
  • Ten quiz został rozwiązany 31 razy
  • Średni wynik to 4 z 10
Statystyki odpowiedzi
Hint Odpowiedź % Poprawnych
Mosiądz jest stopem, którego dwoma głównymi składnikami jest miedź i ...? Cynk
78%
Polskie miasto wojewódzkie i polskie miasto z ruinami średniowiecznego zamku noszą identyczną nazwę. Jaką? Olsztyn
52%
W jakim kraju znajdują się Góry Pieprzowe? Polska
52%
W którym roku wydarzyła się Insurekcja kościuszkowska? 1794
44%
Który z polskich skoczków był rekordzistą świata w długości skoku narciarskiego (194 m - Planica)? Piotr Fijas
30%
Jaką nazwę nosi gatunek rośliny lub zwierzęcia, który występuje tylko w jednym, ściśle określonym miejscu (terenie) i w warunkach naturalnych nie można go spotkać nigdzie poza tym miejscem? Endemit
26%
Który gatunek z węży występujących w Polsce potrafi wspinać się i poruszać po drzewach? Wąż Eskulapa
26%
Jaką nazwę nosi dwutlenek węgla w stanie stałym? Suchy lód
22%
Pod jaką miejscowością miała miejsce tzw. "bitwa narodów", w czasie której zginął książę Józef Poniatowski? Lipsk
19%
Polscy piłkarze trzykrotnie grali w finale igrzysk olimpijskich: Monachium (1972), Barcelona (1992) oraz...? Montreal
19%
Nie znaleziono quizów pasujących do podanych kryteriów
Rozkład punktacji
Procent ludzi z każdym wynikiem
Percentyl według liczby udzielonych odpowiedzi
Twoja historia wyników
Nie rozwiązałeś tego quizu